[Event "4NCL/Div2/WRO1 vs. NWE1"]
[Site "West Bromwich ENG"]
[Date "2003.05.05"]
[Round "11.4"]
[White "Quillan, Gary"]
[Black "Gayson, Peter M"]
[Result "1-0"]
[WhiteElo "2305"]
[BlackElo "2247"]
[PlyCount "73"]
[EventDate "2003.05.05"]

1. e4 c5 2. Nf3 e6 3. c3 d5 4. e5 d4 5. Bd3 Nc6 6. O-O Nge7 7. Re1 Ng6 8. Na3
Be7 9. Nc2 O-O 10. Be4 Ncxe5 11. Nxe5 Nxe5 12. Bxh7+ Kxh7 13. Rxe5 Kg8 14. cxd4
cxd4 15. d3 Bf6 16. Re4 e5 17. f4 Bf5 18. fxe5 Bxe4 19. exf6 Bg6 20. fxg7 Kxg7
21. b3 Rh8 22. Bf4 Qd5 23. Qd2 Rae8 24. Rf1 Re6 25. Ne1 Rhe8 26. Bg3 Re2 27.
Qf4 Rxa2 28. Bf2 Rxf2 29. Qxf2 Re3 30. Qf6+ Kg8 31. Nf3 Bxd3 32. Rc1 Re8 33.
Nxd4 Rd8 34. Nf3 Be4 35. Kh1 Bxf3 36. gxf3 Rd6 37. Rc8+ 1-0

[Event "4NCL/Div2/WRO1 vs. NWE1"]
[Site "West Bromwich ENG"]
[Date "2003.05.05"]
[Round "11.5"]
[White "Burnett, Jim"]
[Black "Littlewood, John E"]
[Result "1/2-1/2"]
[WhiteElo "2187"]
[BlackElo "2286"]
[PlyCount "20"]
[EventDate "2003.05.05"]

1. d4 Nf6 2. c4 g6 3. Nc3 d5 4. Nf3 Bg7 5. Bf4 c5 6. dxc5 Qa5 7. Rc1 dxc4 8.
Qa4+ Qxa4 9. Nxa4 Nc6 10. e3 Bd7 1/2-1/2

[Event "4NCL/Div2/WRO1 vs. NWE1"]
[Site "West Bromwich ENG"]
[Date "2003.05.05"]
[Round "11.6"]
[White "Kennaugh, Charles W"]
[Black "Barrett, Steve J"]
[Result "1-0"]
[WhiteElo "2290"]
[BlackElo "2140"]
[PlyCount "61"]
[EventDate "2003.05.05"]

1. e4 c5 2. Nf3 e6 3. d4 cxd4 4. Nxd4 Nf6 5. Nc3 d6 6. Bb5+ Nbd7 7. g4 a6 8. g5
axb5 9. gxf6 Nxf6 10. Ndxb5 b6 11. Bf4 e5 12. Bg5 Bb7 13. Qd3 Qd7 14. O-O-O Rd8
15. Rhg1 Bc6 16. f4 Be7 17. fxe5 Bxb5 18. Nxb5 dxe5 19. Qc4 Rc8 20. Rxd7 Rxc4
21. Rb7 Bc5 22. Bxf6 gxf6 23. Rg7 Rf8 24. c3 Rxe4 25. b4 Be7 26. Rxb6 Rh4 27.
Rg2 Kd7 28. Rd2+ Kc8 29. Rc6+ Kb8 30. Rd7 Re8 31. Rb6+ 1-0

[Event "4NCL/Div2/WRO1 vs. NWE1"]
[Site "West Bromwich ENG"]
[Date "2003.05.05"]
[Round "11.7"]
[White "van Kemenade, Rudy"]
[Black "Charleshouse, Glenn L"]
[Result "1/2-1/2"]
[WhiteElo "2142"]
[BlackElo "2237"]
[PlyCount "90"]
[EventDate "2003.05.05"]

1. e4 c5 2. Nf3 e6 3. d4 cxd4 4. Nxd4 Nf6 5. Nc3 d6 6. Be3 Be7 7. g4 h6 8. Bg2
a6 9. Qd2 Qc7 10. f4 Nc6 11. Nb3 b5 12. a3 Nd7 13. h4 Bb7 14. g5 hxg5 15. hxg5
Rxh1+ 16. Bxh1 g6 17. Qf2 Na5 18. Nxa5 Qxa5 19. Bd2 Qb6 20. Be3 Qa5 21. Bd2 Qc7
22. Be3 Bc6 23. Ne2 Qb7 24. Ng3 Nc5 25. Bxc5 dxc5 26. Rd1 Rd8 27. Rxd8+ Kxd8
28. Qd2+ Ke8 29. Bg2 b4 30. axb4 cxb4 31. Qd4 Qc7 32. Qc4 Qb6 33. Ne2 Bb5 34.
Qc8+ Bd8 35. e5 a5 36. b3 Ke7 37. Qb7+ Qxb7 38. Bxb7 Bb6 39. Kd2 Kd8 40. Be4
Kc7 41. Bd3 Bc6 42. Ng3 Bc5 43. Ne4 Be7 44. Ke3 Kb6 45. Kd4 Bxe4 1/2-1/2

[Event "4NCL/Div2/AD2 vs. ATH1"]
[Site "West Bromwich ENG"]
[Date "2003.05.05"]
[Round "11.1"]
[White "Moskovic, David M"]
[Black "Spreeuw, Jaap"]
[Result "1-0"]
[WhiteElo "2251"]
[BlackElo "2313"]
[PlyCount "35"]
[EventDate "2003.05.05"]

1. e4 c5 2. Nc3 Nc6 3. Nf3 d6 4. d4 cxd4 5. Nxd4 Nf6 6. Be2 e5 7. Nf3 h6 8. O-O
Be7 9. h3 O-O 10. b3 Be6 11. Bb2 Qa5 12. Nd2 Nd4 13. Nc4 Qc5 14. Ne3 b5 15. Bd3
Nd7 16. Ncd5 Bg5 17. c3 Bxe3 18. b4 1-0

[Event "4NCL/Div2/AD2 vs. ATH1"]
[Site "West Bromwich ENG"]
[Date "2003.05.05"]
[Round "11.2"]
[White "van Voorthuijsen, Pieter W"]
[Black "Snape, Ian"]
[Result "1/2-1/2"]
[WhiteElo "2301"]
[BlackElo "2244"]
[PlyCount "82"]
[EventDate "2003.05.05"]

1. d4 Nf6 2. c4 g6 3. g3 Bg7 4. Bg2 O-O 5. Nf3 Nc6 6. O-O a6 7. Nc3 Rb8 8. d5
Na5 9. Nd2 c5 10. Rb1 d6 11. b3 b5 12. Bb2 bxc4 13. bxc4 Bf5 14. e4 Rxb2 15.
Rxb2 Nxe4 16. Ndxe4 Bxe4 17. Bxe4 Bxc3 18. Re2 Qc7 19. Qd3 Bf6 20. Rb1 Rb8 21.
Rxb8+ Qxb8 22. Rc2 Qb1+ 23. Qf1 Qb4 24. Qc1 Kg7 25. Bd3 h5 26. h4 Nb7 27. Qd2
a5 28. Qe2 Qa3 29. Kg2 a4 30. f4 Na5 31. Qe4 Kf8 32. f5 g5 33. hxg5 Bxg5 34.
Be2 Bf6 35. Bxh5 Be5 36. Bf3 Qb4 37. Kh3 Qb1 38. Bg2 a3 39. Re2 Qc1 40. Qe3
Qxe3 41. Rxe3 Nxc4 1/2-1/2

[Event "4NCL/Div2/AD2 vs. ATH1"]
[Site "West Bromwich ENG"]
[Date "2003.05.05"]
[Round "11.3"]
[White "Cafferty, Bernard"]
[Black "Spivack, Simon"]
[Result "1/2-1/2"]
[WhiteElo "2226"]
[BlackElo "2162"]
[PlyCount "43"]
[EventDate "2003.05.05"]

1. Nf3 g6 2. d4 Nf6 3. c4 Bg7 4. g3 O-O 5. Bg2 d6 6. O-O c6 7. Nc3 Qa5 8. Re1
Bg4 9. h3 Bxf3 10. exf3 Re8 11. Rb1 c5 12. d5 Na6 13. a3 Qc7 14. f4 Qd7 15. Bd2
Nc7 16. a4 Rab8 17. g4 e6 18. g5 Nh5 19. Bf3 exd5 20. Bg4 Rxe1+ 21. Bxe1 Qe7
22. Bxh5 1/2-1/2

[Event "4NCL/Div2/AD2 vs. ATH1"]
[Site "West Bromwich ENG"]
[Date "2003.05.05"]
[Round "11.5"]
[White "Mangwengwende, John"]
[Black "Quinn, John M"]
[Result "1/2-1/2"]
[WhiteElo "2163"]
[BlackElo "2196"]
[PlyCount "106"]
[EventDate "2003.05.05"]

1. e4 c5 2. Nf3 e6 3. d4 cxd4 4. Nxd4 Nc6 5. Nb5 d6 6. N1c3 a6 7. Nd4 Nf6 8.
Be2 Be7 9. O-O O-O 10. Kh1 Qc7 11. f4 Bd7 12. a4 Rad8 13. Be3 Nxd4 14. Bxd4 Bc6
15. a5 Nd7 16. Qd3 e5 17. Bg1 Nc5 18. Qg3 Bf6 19. f5 Nxe4 20. Nxe4 Bxe4 21. Bb6
Qxc2 22. Bxd8 Rxd8 23. Bf3 Bd3 24. Rf2 Qc4 25. Qg4 Qxg4 26. Bxg4 e4 27. Rd2 Bg5
28. Rdd1 d5 29. Ra3 Bc2 30. Rd4 Bf6 31. Rd2 Bd3 32. g3 Rc8 33. Raxd3 exd3 34.
Rxd3 Rc1+ 35. Rd1 Rxd1+ 36. Bxd1 d4 37. Kg2 d3 38. Kf1 Bxb2 39. Bf3 Bc3 40.
Bxb7 Bxa5 41. Bxa6 d2 42. Ke2 Kf8 43. Bc4 Ke7 44. Bb3 f6 45. g4 Kd6 46. h4 Ke5
47. Kf3 h5 48. Bc2 hxg4+ 49. Kxg4 Kd4 50. Kh5 Ke5 51. Kg6 Bb6 52. Kxg7 d1=Q 53.
Bxd1 Kxf5 1/2-1/2

[Event "4NCL/Div2/AD2 vs. ATH1"]
[Site "West Bromwich ENG"]
[Date "2003.05.05"]
[Round "11.6"]
[White "Stevenson, James AB"]
[Black "Pritchard, David"]
[Result "1-0"]
[WhiteElo "2124"]
[BlackElo "1768"]
[PlyCount "41"]
[EventDate "2003.05.05"]

1. e4 d5 2. exd5 Qxd5 3. Nc3 Qa5 4. Bc4 Nf6 5. Nf3 Bf5 6. O-O e6 7. d4 c6 8.
Re1 Be7 9. Ne5 Nbd7 10. Bg5 Rd8 11. Qe2 Nxe5 12. dxe5 Nd5 13. Bxe7 Nxe7 14.
Rad1 O-O 15. Bb3 Rxd1 16. Rxd1 Rd8 17. Rd6 Nd5 18. Qd2 h6 19. Nxd5 Qxd2 20.
Rxd8+ Kh7 21. Nf6+ 1-0

[Event "4NCL/Div2/AD2 vs. ATH1"]
[Site "West Bromwich ENG"]
[Date "2003.05.05"]
[Round "11.7"]
[White "Westwood, Richard D"]
[Black "McKeown, Paul"]
[Result "1-0"]
[WhiteElo "1720"]
[BlackElo "2043"]
[PlyCount "113"]
[EventDate "2003.05.05"]

1. d4 d5 2. Nf3 Nf6 3. e3 Bg4 4. Nbd2 e6 5. Bd3 c5 6. c3 Nc6 7. h3 Bh5 8. a3 a5
9. Bb5 Bd6 10. Qa4 Rc8 11. dxc5 Bxf3 12. Nxf3 Bxc5 13. O-O O-O 14. Rd1 Qb6 15.
b4 axb4 16. cxb4 Be7 17. Bd3 e5 18. b5 e4 19. bxc6 exf3 20. cxb7 Qxb7 21. gxf3
Ra8 22. Qc2 Rfc8 23. Qb1 Qc7 24. Bb2 Rcb8 25. Qa2 Qd7 26. Kg2 Qa4 27. Be5 Re8
28. Rab1 Qxa3 29. Qxa3 Rxa3 30. Rb7 Kf8 31. Bb5 Rb3 32. Bxe8 Rxb7 33. Bc6 Rb6
34. Bxd5 Nxd5 35. Rxd5 Rg6+ 36. Bg3 Bf6 37. Rd7 Bh4 38. Rd6 f6 39. Rd4 Bxg3 40.
fxg3 Ke7 41. Rg4 Rxg4 42. hxg4 Ke6 43. f4 h6 44. Kf3 Kd5 45. Kf2 g6 46. Kf3 g5
47. Kf2 Kc5 48. Ke2 Kc6 49. Kd2 Kd6 50. Kc3 Kc5 51. e4 Kc6 52. Kd4 Kd6 53. e5+
Ke7 54. Kd5 gxf4 55. gxf4 f5 56. gxf5 h5 57. Ke4 1-0

[Event "4NCL/Div2/AD2 vs. ATH1"]
[Site "West Bromwich ENG"]
[Date "2003.05.05"]
[Round "11.8"]
[White "Milligan, Helen"]
[Black "McIntosh, Doreen"]
[Result "1-0"]
[WhiteElo "2111"]
[BlackElo "1344"]
[PlyCount "63"]
[EventDate "2003.05.05"]

1. e4 c5 2. Nf3 Nc6 3. Bb5 g6 4. Bxc6 bxc6 5. O-O Bg7 6. c3 Nf6 7. Re1 Qc7 8.
d4 cxd4 9. cxd4 O-O 10. Nc3 d6 11. h3 Nd7 12. Be3 Bb7 13. Rc1 Qd8 14. Nh2 f6
15. Qb3+ Kh8 16. Qxb7 Rb8 17. Qxc6 Rb6 18. Qa4 Rb7 19. Re2 Nb6 20. Qd1 Nc4 21.
b3 Nxe3 22. fxe3 Bh6 23. Qd3 e5 24. Rd1 Rbf7 25. Nf3 Bg7 26. dxe5 Qc8 27. exd6
Rd7 28. Rc2 Qd8 29. Nb5 Qb6 30. Nfd4 Re8 31. Rc7 Rxc7 32. Nxc7 1-0

[Event "4NCL/Div2/BAR3 vs. WES1"]
[Site "West Bromwich ENG"]
[Date "2003.05.05"]
[Round "11.1"]
[White "Hodgson, John H"]
[Black "Webb, Richard M"]
[Result "1/2-1/2"]
[WhiteElo "2202"]
[BlackElo "2372"]
[PlyCount "32"]
[EventDate "2003.05.05"]

1. e4 c5 2. Nf3 d6 3. d4 cxd4 4. Nxd4 Nf6 5. Nc3 g6 6. Be3 Bg7 7. f3 O-O 8. Qd2
Nc6 9. Bc4 Bd7 10. O-O-O Rc8 11. Bb3 Ne5 12. Kb1 Nc4 13. Bxc4 Rxc4 14. g4 Qa5
15. Nb3 Qe5 16. Bd4 Qe6 1/2-1/2

[Event "4NCL/Div2/BAR3 vs. WES1"]
[Site "West Bromwich ENG"]
[Date "2003.05.05"]
[Round "11.2"]
[White "Poulton, James"]
[Black "Taylor, Peter"]
[Result "0-1"]
[WhiteElo "2375"]
[BlackElo "2249"]
[PlyCount "70"]
[EventDate "2003.05.05"]

1. d4 Nf6 2. Nf3 e6 3. c4 c5 4. d5 d6 5. Nc3 exd5 6. cxd5 g6 7. Nd2 Nbd7 8. e4
Bg7 9. Be2 O-O 10. O-O Re8 11. f4 Nb6 12. a4 Bd7 13. Bf3 h5 14. h3 Rb8 15. a5
Nc8 16. Nc4 b5 17. axb6 axb6 18. e5 Nh7 19. Ne4 dxe5 20. Nxe5 Bb5 21. Re1 Nd6
22. Qb3 Nxe4 23. Bxe4 Bd7 24. Bd2 Rc8 25. Bf3 Bf5 26. Ra7 Ng5 27. Nxf7 Nxf7 28.
Rxe8+ Qxe8 29. Qxb6 Qd8 30. Qb7 Bd4+ 31. Kh2 Qf6 32. d6 Rd8 33. Bd5 Be6 34. d7
c4 35. Ra6 Bxd5 0-1

[Event "4NCL/Div2/BAR3 vs. WES1"]
[Site "West Bromwich ENG"]
[Date "2003.05.05"]
[Round "11.3"]
[White "Twyble, Michael S"]
[Black "Corkett, Anthony R"]
[Result "1-0"]
[WhiteElo "2238"]
[BlackElo "2322"]
[PlyCount "107"]
[EventDate "2003.05.05"]

1. d4 Nf6 2. c4 e6 3. Nc3 Bb4 4. f3 O-O 5. e4 d5 6. e5 Nfd7 7. cxd5 exd5 8. f4
c5 9. Nf3 Nc6 10. a3 Ba5 11. Be3 cxd4 12. Nxd4 Re8 13. Be2 Nxd4 14. Bxd4 f6 15.
exf6 Nxf6 16. O-O Ne4 17. Bf3 Bf5 18. Qb3 Bxc3 19. bxc3 Qd7 20. Rad1 Qc6 21.
Rfe1 b6 22. Re3 Rac8 23. Rde1 Kh8 24. Qb2 Qg6 25. Qe2 Re7 26. g4 Bd7 27. Qg2
Qd6 28. Bxe4 Rxe4 29. Rxe4 dxe4 30. Qxe4 Bxg4 31. Qe8+ Qf8 32. Qxf8+ Rxf8 33.
Re7 Rd8 34. Rxa7 h5 35. Bxg7+ Kg8 36. Bd4 b5 37. Kf2 Rd5 38. Kg3 Bd1 39. Rg7+
Kf8 40. Ra7 Ke8 41. Rg7 Rd7 42. Rg8+ Kf7 43. Rg5 Rd6 44. Rxb5 Ra6 45. Rb7+ Ke8
46. Ra7 Rg6+ 47. Kf2 Re6 48. Be5 Rb6 49. Ke3 Rb2 50. f5 Re2+ 51. Kd4 Rd2+ 52.
Kc5 Bb3 53. Kb4 Ba2 54. f6 1-0

[Event "4NCL/Div2/BAR3 vs. WES1"]
[Site "West Bromwich ENG"]
[Date "2003.05.05"]
[Round "11.4"]
[White "Upton, Ian J"]
[Black "Gregory, Philip J"]
[Result "1-0"]
[WhiteElo "2224"]
[BlackElo "2122"]
[PlyCount "61"]
[EventDate "2003.05.05"]

1. d4 d5 2. c4 c6 3. Nf3 Nf6 4. Nc3 dxc4 5. a4 Bf5 6. e3 e6 7. Bxc4 Bb4 8. O-O
Nbd7 9. Qe2 Bg6 10. e4 Bxc3 11. bxc3 Nxe4 12. Ba3 Ndf6 13. Ne5 Qc7 14. Rfc1
O-O-O 15. a5 Nd6 16. Bc5 Kb8 17. Qb2 Nd5 18. Bxd5 exd5 19. Bb6 Qc8 20. Bxd8
Rxd8 21. Qb4 f6 22. Nxg6 hxg6 23. Re1 Nf5 24. Rab1 Qc7 25. Rb2 Kc8 26. Qc5 Rh8
27. g3 Kb8 28. Reb1 Nd6 29. Rxb7+ Nxb7 30. a6 Kc8 31. Rxb7 1-0

[Event "4NCL/Div2/BAR3 vs. WES1"]
[Site "West Bromwich ENG"]
[Date "2003.05.05"]
[Round "11.5"]
[White "Flower, David"]
[Black "Simons, Martin J"]
[Result "0-1"]
[WhiteElo "2128"]
[BlackElo "2262"]
[PlyCount "95"]
[EventDate "2003.05.05"]

1. e4 Nc6 2. d4 d5 3. e5 Bf5 4. a3 e6 5. Nf3 Qd7 6. Be3 f6 7. Be2 Nge7 8. O-O
Ng6 9. exf6 gxf6 10. c4 Bd6 11. cxd5 exd5 12. Nc3 O-O-O 13. Nb5 Nf4 14. Nxd6+
Qxd6 15. Bb5 Ne7 16. Nh4 Rhg8 17. Qf3 Nxg2 18. Nxg2 Rxg2+ 19. Qxg2 Rg8 20.
Qxg8+ Nxg8 21. f3 Qb6 22. Be2 Qxb2 23. Rfe1 Ne7 24. Bf1 Nc6 25. Rad1 Qxa3 26.
Bb5 Bd7 27. Bd3 h5 28. h4 Na5 29. Bg6 Nc4 30. Ra1 Qc3 31. Rac1 Qb4 32. Bf2 Qf8
33. Bxh5 Qh6 34. Be8 Bxe8 35. Rxe8+ Kd7 36. Ree1 Qf4 37. Kg2 Nd2 38. Rc3 Nc4
39. Rc2 b5 40. Rce2 b4 41. Re7+ Kc6 42. Bg3 Qxd4 43. Rxc7+ Kb5 44. Bf2 Qd2 45.
Rxa7 Ne5 46. Rb7+ Kc4 47. Rc7+ Kb3 48. Rb1+ 0-1

[Event "4NCL/Div2/BAR3 vs. WES1"]
[Site "West Bromwich ENG"]
[Date "2003.05.05"]
[Round "11.6"]
[White "Allicock, Rawle A"]
[Black "Williamson, Paul L"]
[Result "1-0"]
[WhiteElo "2302"]
[BlackElo "2149"]
[PlyCount "30"]
[EventDate "2003.05.05"]

1. d4 Nf6 2. c4 g6 3. Nc3 d5 4. Nf3 Bg7 5. Bg5 Ne4 6. Bf4 Nxc3 7. bxc3 c6 8. e3
O-O 9. Be2 Nd7 10. cxd5 cxd5 11. Qb3 Nf6 12. Ne5 Nh5 13. Bxh5 gxh5 14. O-O b6
15. Nc6 Qd7 1-0

[Event "4NCL/Div2/BAR3 vs. WES1"]
[Site "West Bromwich ENG"]
[Date "2003.05.05"]
[Round "11.7"]
[White "Bhatia, Kanwal K"]
[Black "Yeo, Michael J"]
[Result "1/2-1/2"]
[WhiteElo "2047"]
[BlackElo "2251"]
[PlyCount "98"]
[EventDate "2003.05.05"]

1. e4 e5 2. Nf3 Nc6 3. c3 f5 4. d4 fxe4 5. Nxe5 Nf6 6. Bg5 Qe7 7. Nxc6 bxc6 8.
Nd2 d5 9. Be2 Qe6 10. Bf4 Bd6 11. Bxd6 cxd6 12. Nf1 O-O 13. Ne3 Bd7 14. O-O Rf7
15. Rc1 Raf8 16. b3 Qe7 17. c4 dxc4 18. bxc4 Ne8 19. Rc3 Qh4 20. f3 Rf6 21. g3
Rg6 22. Ng2 Qe7 23. fxe4 Rxf1+ 24. Bxf1 Nf6 25. Nf4 Rh6 26. Bg2 g5 27. Ne2 Bh3
28. Bxh3 Rxh3 29. Qf1 Rh6 30. Qf5 Nxe4 31. Re3 Re6 32. Nc3 Nc5 33. Rxe6 Nxe6
34. d5 Nd4 35. Qf2 c5 36. Kf1 g4 37. Qf4 Qf7 38. Ne4 Qxf4+ 39. gxf4 Nf5 40.
Nf6+ Kf7 41. Nxg4 h5 42. Nf2 Ne3+ 43. Ke2 Nxc4 44. Ne4 Ke7 45. Kd3 Nb6 46. Nc3
a6 47. Ke4 Kf6 48. h4 Nc8 49. Kf3 Ne7 1/2-1/2

[Event "4NCL/Div2/BAR3 vs. WES1"]
[Site "West Bromwich ENG"]
[Date "2003.05.05"]
[Round "11.8"]
[White "Khoo, Teresa"]
[Black "Moore, John C"]
[Result "1/2-1/2"]
[WhiteElo "2076"]
[BlackElo "2093"]
[PlyCount "48"]
[EventDate "2003.05.05"]

1. e4 Nf6 2. e5 Nd5 3. d4 d6 4. c4 Nb6 5. exd6 cxd6 6. Nf3 g6 7. Nc3 Bg7 8. Be3
O-O 9. Rc1 Bg4 10. h3 Bxf3 11. Qxf3 Nc6 12. Qd1 d5 13. c5 Nc4 14. Bxc4 dxc4 15.
O-O Bxd4 16. Bxd4 Qxd4 17. Qxd4 Nxd4 18. Rfe1 e6 19. Re4 Rfd8 20. Rd1 Nc6 21.
Rxc4 Rxd1+ 22. Nxd1 Rd8 23. Ne3 Rd2 24. Rc2 Rd4 1/2-1/2

[Event "4NCL/Div2/SWD2 vs. KHE"]
[Site "West Bromwich ENG"]
[Date "2003.05.05"]
[Round "11.1"]
[White "Morris, Charles F"]
[Black "McMichael, Richard"]
[Result "1/2-1/2"]
[WhiteElo "2220"]
[BlackElo "2294"]
[PlyCount "92"]
[EventDate "2003.05.05"]

1. c4 e6 2. Nf3 d5 3. b3 Nf6 4. g3 c6 5. Bg2 Bd6 6. Bb2 O-O 7. O-O Qe7 8. d4
Ne4 9. Ne5 f6 10. Nd3 f5 11. f3 Nxg3 12. hxg3 Bxg3 13. f4 Qh4 14. Rf3 Qh2+ 15.
Kf1 Rf6 16. Qd2 Rg6 17. Qe3 Nd7 18. Qg1 Qh4 19. Qh1 Qd8 20. Qh3 Bh4 21. Qh2 Rh6
22. Rh3 e5 23. dxe5 dxc4 24. bxc4 Nc5 25. Nd2 Ne4 26. Nf3 Bg3 27. Qh1 Rxh3 28.
Qxh3 h6 29. Nd4 Bh4 30. Rd1 c5 31. Nf3 Be7 32. Nd2 Qa5 33. Qe3 Be6 34. Nxe4
fxe4 35. Qxe4 Rd8 36. Qxb7 Rd7 37. Qc6 Bf5 38. Bd5+ Kh8 39. Qc8+ Bd8 40. Qxc5
Bh3+ 41. Bg2 Qxc5 42. Bxh3 Qc6 43. Bxd7 Qh1+ 44. Kf2 Qxd1 45. e6 h5 46. Ba3 Qh1
1/2-1/2

[Event "4NCL/Div2/SWD2 vs. KHE"]
[Site "West Bromwich ENG"]
[Date "2003.05.05"]
[Round "11.2"]
[White "Jossien, Arnaud"]
[Black "Richmond, Peter A"]
[Result "1/2-1/2"]
[WhiteElo "2340"]
[BlackElo "2254"]
[PlyCount "66"]
[EventDate "2003.05.05"]

1. e4 c5 2. Nf3 Nc6 3. Bb5 e6 4. O-O Nge7 5. d4 cxd4 6. Nxd4 Qb6 7. Nxc6 Nxc6
8. Nc3 a6 9. Be3 Qc7 10. Be2 b5 11. Qd2 Be7 12. a4 b4 13. Na2 a5 14. f4 O-O 15.
Rad1 Rd8 16. Bf3 Bb7 17. Qf2 Re8 18. Rd2 Nb8 19. c3 Qc4 20. Nc1 bxc3 21. Rd4
Qc7 22. bxc3 Qxc3 23. Nd3 Nc6 24. Rxd7 Bc8 25. Rc7 Qxd3 26. Rxc6 Bd7 27. e5
Bxc6 28. Bxc6 Qa3 29. Kh1 Rac8 30. Bxe8 Rxe8 31. f5 exf5 32. Qxf5 Rf8 33. Qe4
Qb4 1/2-1/2

[Event "4NCL/Div2/SWD2 vs. KHE"]
[Site "West Bromwich ENG"]
[Date "2003.05.05"]
[Round "11.3"]
[White "Kett, Timothy"]
[Black "Kwiatkowski, Feliks J"]
[Result "0-1"]
[WhiteElo "2197"]
[BlackElo "2252"]
[PlyCount "82"]
[EventDate "2003.05.05"]

1. e4 c5 2. c3 d5 3. exd5 Nf6 4. c4 e6 5. dxe6 Bxe6 6. Nf3 Nc6 7. d3 Qd7 8. Be2
O-O-O 9. O-O Bf5 10. Nc3 h6 11. Qa4 g5 12. Be3 Ng4 13. Nd5 Be6 14. b4 Nxe3 15.
fxe3 cxb4 16. a3 bxa3 17. Nc3 g4 18. Nd2 Bc5 19. Nde4 Bxe3+ 20. Kh1 f5 21. Ng3
h5 22. Rfb1 h4 23. Nf1 Bc5 24. Qb5 Bd4 25. Rxa3 h3 26. g3 Bxc3 27. Rxc3 Nd4 28.
Qc5+ Qc7 29. Qxc7+ Kxc7 30. Bd1 Bd7 31. Ne3 Bc6+ 32. Kg1 Kb8 33. Kf2 Rhe8 34.
Ra3 Re5 35. Ba4 Bxa4 36. Rxa4 Rde8 37. c5 Rxe3 38. Rxd4 Re2+ 39. Kg1 Rg2+ 40.
Kh1 Kc7 41. Rdb4 Ree2 0-1

[Event "4NCL/Div2/SWD2 vs. KHE"]
[Site "West Bromwich ENG"]
[Date "2003.05.05"]
[Round "11.4"]
[White "Thomas, Richard H"]
[Black "May, Frank"]
[Result "1-0"]
[WhiteElo "2204"]
[BlackElo "2161"]
[PlyCount "109"]
[EventDate "2003.05.05"]

1. d4 d5 2. Nf3 Bf5 3. c4 c6 4. cxd5 Bxb1 5. Rxb1 Qxd5 6. a3 Nd7 7. e3 Ngf6 8.
Qc2 e6 9. Bc4 Qh5 10. O-O Be7 11. b4 O-O 12. Rd1 Rad8 13. Bb2 Bd6 14. Be2 Qh6
15. e4 Bb8 16. Bd3 e5 17. h3 Rfe8 18. Bc1 Qh5 19. Be3 exd4 20. Nxd4 Ne5 21. Be2
Qh4 22. f4 Rxd4 23. Rxd4 Qg3 24. Qd2 Ng6 25. Rd8 Bxf4 26. Rxe8+ Nxe8 27. Bxf4
Nxf4 28. Bg4 h5 29. Rf1 hxg4 30. Qxf4 Qxf4 31. Rxf4 gxh3 32. gxh3 Kf8 33. Kf2
Ke7 34. Ke3 Nc7 35. Rh4 Ne6 36. Rh8 Kd6 37. h4 a6 38. h5 Ke7 39. h6 gxh6 40.
Rxh6 Kd6 41. Rf6 Ke7 42. Rf5 Ke8 43. e5 Ke7 44. Rh5 Nf8 45. Rh8 Ne6 46. Ke4 c5
47. Rb8 b5 48. Ra8 cxb4 49. axb4 Nc7 50. Ra7 Kd7 51. Kf5 Kc6 52. Kf6 Kb6 53.
Rxc7 Kxc7 54. Kxf7 a5 55. e6 1-0

[Event "4NCL/Div2/SWD2 vs. KHE"]
[Site "West Bromwich ENG"]
[Date "2003.05.05"]
[Round "11.5"]
[White "Spice, Alan"]
[Black "Okike, David C"]
[Result "1-0"]
[WhiteElo "2163"]
[BlackElo "2163"]
[PlyCount "47"]
[EventDate "2003.05.05"]

1. Nc3 d5 2. e4 dxe4 3. Nxe4 e6 4. Bc4 c5 5. Nf3 Nc6 6. d3 Nf6 7. O-O Be7 8.
Qe2 O-O 9. Rd1 a6 10. a4 b6 11. Bg5 Ra7 12. Rd2 h6 13. Bh4 Nd5 14. Bxe7 Qxe7
15. d4 cxd4 16. Nxd4 Nxd4 17. Rxd4 Bb7 18. Rad1 Qc7 19. g3 Raa8 20. Qd3 Bc6 21.
Bxd5 Bxd5 22. Nf6+ gxf6 23. Rg4+ Kh8 24. Qe3 1-0

[Event "4NCL/Div2/SWD2 vs. KHE"]
[Site "West Bromwich ENG"]
[Date "2003.05.05"]
[Round "11.6"]
[White "O'Shaughnessy, Conor"]
[Black "Brown, Alan M"]
[Result "1/2-1/2"]
[WhiteElo "2207"]
[BlackElo "2133"]
[PlyCount "92"]
[EventDate "2003.05.05"]

1. Nf3 Nf6 2. b3 b6 3. Bb2 e6 4. c4 Bb7 5. e3 Be7 6. Be2 O-O 7. O-O d6 8. Nc3
Nbd7 9. d4 d5 10. Rc1 c5 11. Re1 cxd4 12. exd4 Rc8 13. Bd3 Re8 14. Ne5 dxc4 15.
bxc4 Nxe5 16. Rxe5 Bd6 17. Re1 Qd7 18. Ne4 Nxe4 19. Bxe4 Bxe4 20. Rxe4 f5 21.
Re2 Qf7 22. h3 Be7 23. Qb3 Bf6 24. Rce1 Qd7 25. d5 Bxb2 26. Qxb2 exd5 27. Rxe8+
Rxe8 28. Rxe8+ Qxe8 29. cxd5 Qd7 30. Qe5 Kf7 31. h4 b5 32. g3 a5 33. h5 h6 34.
Kh2 b4 35. Kg2 a4 36. Kh2 b3 37. axb3 axb3 38. Kg2 Qc8 39. d6 Qe6 40. Qc5 b2
41. Qc7+ Kf6 42. d7 Qd5+ 43. Kh2 b1=Q 44. d8=Q+ Qxd8 45. Qxd8+ Kf7 46. Qd7+ Kf8
1/2-1/2

[Event "4NCL/Div2/SWD2 vs. KHE"]
[Site "West Bromwich ENG"]
[Date "2003.05.05"]
[Round "11.7"]
[White "Powell, Lloyd"]
[Black "Grigoryan, Meri"]
[Result "1-0"]
[WhiteElo "2024"]
[BlackElo "2023"]
[PlyCount "63"]
[EventDate "2003.05.05"]

1. d4 d5 2. c4 e5 3. dxe5 d4 4. Nf3 Nc6 5. g3 Be6 6. Nbd2 Bb4 7. Bg2 Bxc4 8.
O-O Bxd2 9. Bxd2 Qd7 10. Rc1 Bd5 11. b4 Nge7 12. Bf4 a6 13. a4 b5 14. Rc5 Rb8
15. a5 Rd8 16. Qd2 h6 17. h4 O-O 18. Rd1 Rfe8 19. Kh2 Bb3 20. Rdc1 Bc4 21. Bh3
Be6 22. Bg2 Rc8 23. Bxh6 gxh6 24. Qxh6 Nxb4 25. Ng5 Bf5 26. g4 Bg6 27. e6 fxe6
28. h5 Qd6+ 29. Kg1 Qf4 30. hxg6 Nxg6 31. Qxg6+ Kf8 32. Rf5+ 1-0

[Event "4NCL/Div2/SWD2 vs. KHE"]
[Site "West Bromwich ENG"]
[Date "2003.05.05"]
[Round "11.8"]
[White "Bass, John"]
[Black "Wilson, Julie"]
[Result "1/2-1/2"]
[WhiteElo "2045"]
[BlackElo "1696"]
[PlyCount "58"]
[EventDate "2003.05.05"]

1. d4 Nf6 2. Nf3 e6 3. Bg5 h6 4. Bh4 c5 5. e3 Nc6 6. c3 b6 7. Nbd2 cxd4 8. exd4
Be7 9. Bd3 Bb7 10. O-O O-O 11. Re1 d6 12. Nc4 b5 13. Ne3 a6 14. h3 Re8 15. a4
b4 16. c4 a5 17. Bc2 Nb8 18. Nf1 Nbd7 19. b3 Nh5 20. Bxe7 Qxe7 21. Qd3 f5 22.
Qd1 Qf7 23. Ne3 Nf4 24. d5 exd5 25. cxd5 Nxd5 26. Nxf5 Rxe1+ 27. Qxe1 Re8 28.
Qd2 Qf6 29. Re1 Ne5 1/2-1/2

[Event "4NCL/Div3/NKN1 vs. BRI2"]
[Site "West Bromwich ENG"]
[Date "2002.11.09"]
[Round "1.1"]
[White "Walsh, Chris"]
[Black "Buckley, David E"]
[Result "1-0"]
[WhiteElo "2204"]
[BlackElo "2190"]
[PlyCount "75"]
[EventDate "2002.11.09"]

1. e4 e6 2. d3 d5 3. Nd2 c5 4. Ngf3 Nc6 5. g3 Nf6 6. Bg2 Be7 7. O-O O-O 8. e5
Nd7 9. Re1 b5 10. Nf1 b4 11. h4 a5 12. h5 a4 13. h6 g6 14. a3 bxa3 15. bxa3 Ba6
16. N1h2 Qb6 17. Ng4 Nd4 18. c4 Nb3 19. Rb1 Rad8 20. cxd5 exd5 21. Bg5 Qe6 22.
Bh3 Kh8 23. Kg2 Bxg5 24. Nf6 Qc6 25. Nxd7 Rxd7 26. Bxd7 Qxd7 27. Nxg5 Qf5 28.
f4 Bxd3 29. Rxb3 axb3 30. Qxb3 Bc4 31. Qb6 d4 32. Qxc5 Rc8 33. Qxd4 Bb5 34.
Nxf7+ Kg8 35. e6 Qc2+ 36. Kg1 Qc3 37. Qxc3 Rxc3 38. Rb1 1-0

[Event "4NCL/Div3/NKN1 vs. BRI2"]
[Site "West Bromwich ENG"]
[Date "2002.11.09"]
[Round "1.2"]
[White "Rudd, Jack"]
[Black "Morris, Gareth"]
[Result "1-0"]
[WhiteElo "2171"]
[BlackElo "2174"]
[PlyCount "63"]
[EventDate "2002.11.09"]

1. e4 c5 2. Nf3 Nc6 3. d4 cxd4 4. Nxd4 Nf6 5. Nc3 e5 6. Ndb5 d6 7. Bg5 a6 8.
Na3 b5 9. Nd5 Be7 10. Bxf6 Bxf6 11. c4 Qa5+ 12. Qd2 b4 13. Nc2 Rb8 14. b3 Bd8
15. a3 bxa3 16. b4 Nxb4 17. Ndxb4 Rxb4 18. Nxb4 Bb6 19. Be2 O-O 20. Nd3 Be6 21.
Qxa5 Bxa5+ 22. Kd1 Bxc4 23. Rxa3 Bb6 24. Nb4 Bxe2+ 25. Kxe2 Bc5 26. Rb1 f5 27.
exf5 a5 28. Rxa5 Rb8 29. Ra4 Kf7 30. Rb2 e4 31. Kd1 Rb6 32. Kc1 1-0